| 000 | 00737nam a2200157 i 4500 | ||
|---|---|---|---|
| 001 | 189365 | ||
| 003 | ES-MaACL | ||
| 005 | 20230906223446.0 | ||
| 008 | 190527s1873 sp |||| | spa d | ||
| 100 | 1 |
_aMac-Pherson, J. ( _d1839-1902) _975045 |
|
| 245 | 1 | 0 |
_aBosquejo geológico de la provincia de Cádiz / _cpor J. Mac-Pherson. |
| 260 |
_aCádiz : _b[s.n.], _c1873 ( _fImp. de la Revista Médica) |
||
| 300 |
_a156 p.,[4] h. pleg. de lám., [2] h. pleg. de mapas ; _c23 cm. |
||
| 650 | 4 |
_aGeología- _zCádiz (Provincia) _9167123 |
|
| 852 |
_aES-MaACL _jB-8927(1) _z.- Legado de Federico de Botella y de Hornos .- Encuadernado en un vol. facticio agrupado con el nombre en el lomo: España, geología, memorias y documentos varios 41 al 56 |
||
| 999 |
_c189365 _d189365 |
||